LEADER 00999nam a2200229 i 4500 001 000000210751 003 CaOOAMICUS 005 20211215094516.0 008 120210s1860 it u000 u ita u 013 $a189564 040 $aSeMil$bita 100 1 $aAlighieri, Dante,$d<1265-1321>.$0(OLS)http://semarc/name/453 245 12$aL'Inferno di Dante /$cesposto in dialetto milanese da Francesco Candiani. 260 $aMilano :$bA spese di Cristoforo Candiani,$c1860. 300 $aVIII, 364 p. ;$c22 cm. 650 4$aAlighieri, Dante <1265-1321> . Divina Commedia . Inferno - Traduzioni dialettali.$0(OLS)http://semarc/subject/39612 700 1 $aCandiani, Francesco.$0(OLS)http://semarc/name/75418 850 $aSeMil 852 $aSeMil$W1$xVenegono$y1$m1S VI 16 FA$j161198$B161198$CSeMilBibl$Z2$F172363 $8I 996 $6245$aL'Inferno di Dante$9(OLS)http://semarc/title/190382 996 $6260$aMilano :$bA spese di Cristoforo Candiani$9(OLS)http://semarc/publisher/52522 LEADER 01030nam a2200241 i 4500 001 000000117099 003 CaOOAMICUS 005 20030711000000.0 008 030711s1975 it u000 u ita u 013 $a89788 040 $aSeMil$bita 100 1 $aLorenzo : da Fara.$0(OLS)http://semarc/name/16622 245 13$aUn maestro di vita :$bP. Leopoldo Mandic /$cLorenzo da Fara. 260 $aPadova :$bLaurenziane,$c1975. 300 $aXIII, 187 p., [10] p. di tav. :$bill., [1] c. di ritr. ;$c20 cm. 500 $aContiene : Fonti e bibliografia. - Fondo Card. C.M. Martini. 600 04$aLeopoldo : da Castelnuovo .$0(OLS)http://semarc/subject/10266 850 $aSeMil 852 $aSeMil$W1$xVenegono$y1$m3H I 91$j72499$B72499$CSeMilBibl$Z2$F101857 $81 941 1 $a4 961 $aOmaggio: Martini Card. Carlo Maria 996 $6245$aUn maestro di vita :$bP. Leopoldo Mandic$9(OLS)http://semarc/title/171845 996 $6260$aPadova :$bLaurenziane$9(OLS)http://semarc/publisher/45634